000 01927cam a22002773a 4500
001 19123
003 PGUSA
005 20140828083415.0
008 060826s2006||||xxu|||||s|||||000 | eng d
040 _aPGUSA
_beng
042 _adc
050 4 _aQK
100 1 _aCurtis, William,
_d1746-1799
245 1 4 _aThe Botanical Magazine, Vol. 5 :
_bOr, Flower-Garden Displayed
_h[electronic resource] /
_cWilliam Curtis
260 _bProject Gutenberg,
_c2006
505 0 _a[145]—Monarda Fistulosa. -- [146]—Hypericum Calycinum. -- [147]—Dais Cotinifolia. -- [148]—Pelargonium Betulinum. -- [149]—Zinnia Multiflora. -- [150]—Tagetes Patula. -- [151]—Lotus Tetragonolobus. -- [152]—Epidendrum Cochleatum. -- [153]—Bulbocodium Vernum. -- [154]—Saponaria Ocymoides. -- [155]—Oxalis Versicolor. -- [156]—Coreopsis Verticillata. -- [157]—Hyacinthus Botryoides. -- [158]—Hibiscus Rosa Sinensis. -- [159]—Alyssum Saxatile. -- [160]—Pulmonaria Virginica. -- [161]—Amygdalus Nana. -- [162]—Sanguinaria Canadensis. -- [163]—Phlox Divaricata. -- [164]—Ranunculus Gramineus. -- [165]—Pelargonium Cordifolium. -- [166]—Cheiranthus Maritimus. -- [167]—Sophora Tetraptera. -- [168]—Iris Pavonia. -- [169]—Ixora Coccinea. -- [170]—Draba Aizoides. -- [171]—Ixia Chinensis. -- [172]—Lamium Orvala. -- [173]—Aitonia Capensis. -- [174]—Buddlea Globosa. -- [175]—Kalmia Latifolia. -- [176]—Cytisus Laburnum. -- [177]—Kalmia Glauca. -- [178]—Hypericum Coris. -- [179]—Fumaria Glauca. -- [180]—Azalea Nudiflora.
506 _aPublic domain in the USA.
516 _aElectronic text
653 _aPlants, Ornamental -- Periodicals
653 _aBotanical illustration -- Periodicals
653 _aPlants -- Periodicals
653 _aPlants, Cultivated -- Periodicals
830 0 _aProject Gutenberg
_v19123
856 4 0 _uhttp://www.gutenberg.org/ebooks/19123
942 _cEB
999 _c248378
_d248378